000 00638nam a2200253Ia 4500
005 20260306145506.0
008 008 260114s9999 xx 000 0 eng d
020 _a9780231553315
037 _aEbook
040 _aCRL
040 _beng
040 _cCRL
041 _2eng
041 _aeng
084 _qCRL
100 _aKaloyanides, Alexandra
_91123888
245 0 _aBaptizing Burma
260 _bColumbia University Press
260 _c2023
650 _aClassical and Ancient Near Eastern Studies
_91123889
856 _uhttps://www.degruyter.com/isbn/9780231553315
942 _cEBOOK
999 _c1688728
_d1688728